Statystyki dla Szybkie mnożenie

Kliknij tutaj aby rozwiązać quiz!

Ogólne statystyki

  • Ten quiz został rozwiązany 181 razy
  • Średni wynik to 11 z 12

Statystyki odpowiedzi

DziałanieWynik% Poprawnych
1×11
100%
4×416
100%
2×24
100%
5×525
99%
6×636
99%
3×39
99%
7×749
94%
8×864
93%
10×10100
92%
9×981
91%
11×11121
74%
12×12144
70%

Rozkład punktacji

Percentyl według liczby udzielonych odpowiedzi

Procent ludzi z każdym wynikiem

Twoja historia wyników

Nie rozwiązałeś tego quizu